1522 1789 1502 1713 1384 1624 1783 1114 1590 1694 1038 1528 1526 1808 1069 1645 1971 1331 1254 1500 1196 1659 1547 1043 1942 1940 1867 1679 1166 1765 1175 1826 1843 1618 1200 1736 1241 1376 1166 1927 1155 1087 1333 1414 1253 1734 1589 1575 1716 1529 1310 1313 1659 1340 1107 1934 1132 1285 1788 1965 1879 1471 1257 1900 1238 1890 1693 1101 1892 1176 1708 1262 1131 1305 1247 1961 1969 1594 1477 1198 1922 1264 1290 1967 1807 1180 1253 1355 1991 1303 1931 1364 1695 1124 1451 1888 1411 1989 1517 BCNSPRNW ULIB Ver.6.0+V

เปลี่ยนเป็นภาษาไทย

Change to English
 แสดงรายละเอียดบรรณานุกรม
  กลับหน้าหลัก

Brief Record : Get Marc (ISO 2709) : E-mail record : QR code < ปิดหน้าต่าง
LEADER : 00000nam 2200000uu 4500
001    13399122453
003     ULIB
008    121121s2550||||th 000 0 tha d
020    ^a978974
090    ^aนว.^bก173ซ
100    ^aกัลฐิดา
245    เซวีน่า มหานครแห่งมนตรา/^cกัลฐิดา
250    ^aพิมพ์ครั้งที่ 4
260    ^aนนทบุรี :^bสถาพรบุ๊คส์,^c2550
300    ^a286 หน้า
710 1  ^aสถาพรบุ๊คส์
945    ^p195^l0^i19949
995    ^aทศพร
999    ^aใช้งานได้ทุกระบบ
รายการนี้ยังไม่มีแท็ก
คุณยังไม่ได้ล็อกอิน คุณสามารถมีกิจกรรมร่วมกับเว็บไซต์ได้ แต่ต้องล็อกอินก่อน ::
  ล็อกอิน

รายการสื่อสารสนเทศ

ลำดับที่ ประเภท เลขเรียก/บาร์โค้ด สถานที่ สถานะ
1. นวนิยาย
นวนิยาย
นว. ก173ซ  
  Barcode: 19949
ห้องสมุดวิทยาเขตสวรรค์ประชารักษ์
►นวนิยาย
บนชั้น
  ขอยืม

รายการใกล้เคียง
    ผู้แต่ง [กัลฐิดา]

BibComment


ยังไม่เคยถูกคอมเมนท์

คอมเมนท์ทรัพยากรรายการนี้
  คอมเมนท์: เซวีน่า มหานครแห่..


 Copyright 2026. Bcnsprnw @Library